<?xml version="1.0" encoding="UTF-8"?>
<marc:record xmlns:marc="http://www.loc.gov/MARC21/slim">
   <marc:leader>00000nam a2200000 a 4500</marc:leader>
   <marc:datafield ind1="1" ind2=" " tag="100">
      <marc:subfield code="a">Bachmann, Ingeborg</marc:subfield>
      <marc:subfield code="4">ctb</marc:subfield>
      <marc:subfield code="e">Mitwirkende/-r</marc:subfield>
   </marc:datafield>
   <marc:datafield ind1=" " ind2=" " tag="653">
      <marc:subfield code="a">Cassette</marc:subfield>
   </marc:datafield>
   <marc:datafield ind1=" " ind2=" " tag="653">
      <marc:subfield code="a">Dramatik</marc:subfield>
   </marc:datafield>
   <marc:datafield ind1=" " ind2=" " tag="653">
      <marc:subfield code="a">Essays</marc:subfield>
   </marc:datafield>
   <marc:datafield ind1=" " ind2=" " tag="653">
      <marc:subfield code="a">CD</marc:subfield>
   </marc:datafield>
   <marc:datafield ind1="0" ind2="0" tag="245">
      <marc:subfield code="a">Ingeborg Bachmann liest Todesarten</marc:subfield>
   </marc:datafield>
   <marc:datafield ind1="0" ind2="0" tag="245">
      <marc:subfield code="b">Prosa und Gedichte aus den Jahren 1964 - 1966 ; Lesungen im O-Ton</marc:subfield>
   </marc:datafield>
   <marc:datafield ind1="0" ind2="0" tag="245">
      <marc:subfield code="c">mit einem Begleittext von Hans Höller. NDR ...</marc:subfield>
   </marc:datafield>
   <marc:datafield ind1=" " ind2="1" tag="264">
      <marc:subfield code="a">München</marc:subfield>
      <marc:subfield code="b">Der Hörverl.</marc:subfield>
      <marc:subfield code="c">2006</marc:subfield>
   </marc:datafield>
   <marc:datafield ind1="1" ind2=" " tag="520">
      <marc:subfield code="a">Angaben aus der Verlagsmeldung

Todesarten : Originalaufnahmen aus den Jahren 1964–1967 / von Ingeborg Bachmann

Dritter Teil der Edition: chronologische Zusammenstellung der Originalaufnahmen Ingeborg Bachmanns. Die Reihe beinhaltet vier Lieferungen. Start der ersten Lieferung war im März 2004, hier liegt der dritte Teil vor, der letzte (Malina; Simultan) folgt 2007.
Todesarten enthält Texte aus folgenden Bänden:
- Gedichte 1964 – 1967 (Böhmen liegt am Meer, Prag Jänner 64, Auf der Reise nach Prag)
- Der Fall Franza

Ingeborg Bachmanns Gedichte 1964–1967 thematisieren ihre Zweifel an der Berechtigung des lyrischen Sprechens, bevor sie 1968 als Dichterin verstummte.
Der Fall Franza bildet den unvollendeten Auftakt ihrer Romantrilogie Todesarten, von der nur Malina realisiert wurde. Franza flieht aus der mörderischen Ehe mit einem bekannten Wiener Psychiater in die Wüste. Ihr Bruder, der sie auf ihrer Reise und in ihrem Sterben begleitet, versucht herauszufinden, was seine Schwester seelisch und körperlich so zugrunde gerichtet hat.
Die Gedichte stammen aus der Zeit großer Zweifel und Depressionen nach der Trennung von Max Frisch, doch auch einer sehr erfolgreichen Phase im Leben Ingeborg Bachmanns, denn sie verfasst ihr erstes Opernlibretto, das ein großer Erfolg wird. Reisen nach Prag und nach Ägypten hinterlassen Spuren in den Gedichten, wie in Der Fall Franza.
Lesungen
</marc:subfield>
   </marc:datafield>
   <marc:datafield ind1=" " ind2=" " tag="020">
      <marc:subfield code="a">9783899403602</marc:subfield>
      <marc:subfield code="9">9783899403602</marc:subfield>
   </marc:datafield>
   <marc:datafield ind1=" " ind2=" " tag="020">
      <marc:subfield code="a">3899403606</marc:subfield>
      <marc:subfield code="9">3899403606</marc:subfield>
   </marc:datafield>
   <marc:datafield ind1=" " ind2=" " tag="041">
      <marc:subfield code="a">ger</marc:subfield>
   </marc:datafield>
   <marc:datafield ind1=" " ind2=" " tag="300">
      <marc:subfield code="a">4 CDs</marc:subfield>
   </marc:datafield>
</marc:record>
